Design of Reinforced Concrete Structures:(Conforming to IS 456),Limit State Method And Working Stress Method (Record no. 90)
[ view plain ]
| 000 -LEADER | |
|---|---|
| fixed length control field | 00504cam a2200169ua 4500 |
| 020 ## - INTERNATIONAL STANDARD BOOK NUMBER | |
| ISBN | 9789384559984 |
| 082 ## - DEWEY DECIMAL CLASSIFICATION NUMBER | |
| Classification number | 624.18341 |
| Item number | RAM/DE |
| 100 ## - MAIN ENTRY--AUTHOR NAME | |
| Personal name | Ramamrutham, S . |
| 100 ## - MAIN ENTRY--AUTHOR NAME | |
| Personal name | Narayan, R . |
| 245 ## - TITLE STATEMENT | |
| Title | Design of Reinforced Concrete Structures:(Conforming to IS 456),Limit State Method And Working Stress Method |
| 250 ## - EDITION STATEMENT | |
| Edition statement | 17 |
| 260 ## - PUBLICATION, DISTRIBUTION, ETC. (IMPRINT) | |
| Place of publication | New Delhi |
| Name of publisher | Dhanapat Rai Publishing Company (P) Ltd |
| Year of publication | 2015 |
| 300 ## - PHYSICAL DESCRIPTION | |
| Number of Pages | 1584 |
| Other physical details | Revised and Enlarged Edition |
| 942 ## - ADDED ENTRY ELEMENTS (KOHA) | |
| Koha item type | Books |
| 003 - CONTROL NUMBER IDENTIFIER | |
| control field | @ |
| 003 - CONTROL NUMBER IDENTIFIER | |
| control field | OSt |
| Withdrawn status | Lost status | Damaged status | Home library | Current library | Date acquired | Full call number | Accession Number | Koha item type | Shelving location | Collection code | Source of acquisition | Cost, normal purchase price |
|---|---|---|---|---|---|---|---|---|---|---|---|---|
| KAUAET | KAUAET | 20/08/1986 | 624.18341 RAM/DE | 15441 | Books | |||||||
| Damaged | KAUAET | KAUAET | 02/09/1986 | 624.18341 RAM/DE | 15598 | Books | ||||||
| Damaged | KAUAET | KAUAET | 07/04/2012 | 624.18341 RAM/DE | 11310 | Books | ||||||
| KAUAET | KAUAET | 07/04/2012 | 624.18341 RAM/DE | 21201 | Books | |||||||
| KAUAET | KAUAET | 07/04/2012 | 624.18341 RAM/DE | 21202 | Books | Binding Shelf | ||||||
| KAUAET | KAUAET | 07/04/2012 | 624.18341 RAM/DE | 21203 | Books | |||||||
| KAUAET | KAUAET | 07/04/2012 | 624.18341 RAM/DE | 21978 | Books | Binding Shelf | ||||||
| KAUAET | KAUAET | 07/04/2012 | 624.18341 RAM/DE | 21975 | Books | |||||||
| KAUAET | KAUAET | 07/04/2012 | 624.18341 RAM/DE | 21976 | Books | Binding Shelf | ||||||
| KAUAET | KAUAET | 07/04/2012 | 624.18341 RAM/DE | 21977 | Books | |||||||
| KAUAET | KAUAET | 31/03/2012 | 624.18341 RAM/DE | 22879 | Books | General Stacks | Non-fiction | |||||
| KAUAET | KAUAET | 31/03/2012 | 624.18341 RAM/DE | 22880 | Books | General Stacks | Non-fiction | |||||
| KAUAET | KAUAET | 31/03/2012 | 624.18341 RAM/DE | 22881 | Books | General Stacks | Non-fiction | |||||
| KAUAET | KAUAET | 31/03/2012 | 624.18341 RAM/DE | 22882 | Books | General Stacks | Non-fiction | |||||
| KAUAET | KAUAET | 31/03/2012 | 624.18341 RAM/DE | 22883 | Books | General Stacks | Non-fiction | |||||
| KAUAET | KAUAET | 31/03/2012 | 624.18341 RAM/DE | 22884 | Books | General Stacks | Non-fiction | |||||
| Damaged | KAUAET | KAUAET | 31/03/2012 | 624.18341 RAM/DE | 22885 | Books | Binding Shelf | Non-fiction | ||||
| KAUAET | KAUAET | 31/03/2012 | 624.18341 RAM/DE | 22886 | Books | General Stacks | Non-fiction | |||||
| KAUAET | KAUAET | 31/03/2012 | 624.18341 RAM/DE | 22887 | Books | General Stacks | Non-fiction | |||||
| KAUAET | KAUAET | 31/03/2012 | 624.18341 RAM/DE | 22888 | Books | General Stacks | Non-fiction | |||||
| KAUAET | KAUAET | 21/06/2016 | 624.18341 RAM/DE | 25063 | Books | General Stacks | Neoti Book Agency New Delhi | 740.00 | ||||
| KAUAET | KAUAET | 21/06/2016 | 624.18341 RAM/DE | 25060 | Books | General Stacks | Neoti Book Agency New Delhi | 740.00 | ||||
| KAUAET | KAUAET | 21/06/2016 | 624.18341 RAM/DE | 25062 | Books | General Stacks | Neoti Book Agency New Delhi | 740.00 | ||||
| KAUAET | KAUAET | 21/06/2016 | 624.18341 RAM/DE | 25055 | Books | General Stacks | Neoti Book Agency New Delhi | 740.00 | ||||
| KAUAET | KAUAET | 21/06/2016 | 624.18341 RAM/DE | 25059 | Books | General Stacks | Neoti Book Agency New Delhi | 740.00 | ||||
| KAUAET | KAUAET | 21/06/2016 | 624.18341 RAM/DE | 25054 | Books | General Stacks | Neoti Book Agency New Delhi | 740.00 | ||||
| KAUAET | KAUAET | 11/07/2016 | 624.18341 RAM/DE | 25056 | Books | General Stacks | Neoti Book Agency, New Delhi | 740.00 | ||||
| KAUAET | KAUAET | 11/07/2016 | 624.18341 RAM/DE | 25057 | Books | General Stacks | Neoti Book Agency , New Delhi | 740.00 | ||||
| KAUAET | KAUAET | 11/07/2016 | 624.18341 RAM/DE | 25058 | Books | General Stacks | Neoti Book Agency , New Delhi | 740.00 | ||||
| KAUAET | KAUAET | 11/07/2016 | 624.18341 RAM/DE | 25061 | Books | General Stacks | Neoti Book Agency , New Delhi | 740.00 |
